LEADER 00901nam0-2200265 --450 001 9910262860303321 005 20180321095431.0 020 $aIT$b6311587 100 $a20180321d1963----kmuy0itay5050 ba 101 0 $aita 102 $aIT 105 $a 001yy 200 1 $aCome si applica l'imposta sulle aree fabbricabili$etrattato pratico, corredato di legislazione esempi e modelli$esupplemento in omaggio agli acquirenti della 1. edizione$fdi F. Tamborrino 210 $aMilano$cEdizioni Consulente immobiliare$d1963 215 $a70 p.$d24 cm 610 0 $aImposta sulle aree fabbricabili 676 $a336$v16 700 1$aTamborrino,$bFrancesco$09567 801 0$aIT$bUNINA$gREICAT$2UNIMARC 901 $aBK 912 $a9910262860303321 952 $a19.977$b679/2018$fDARST 959 $aDARST 996 $aCome si applica l'imposta sulle aree fabbricabili$91466975 997 $aUNINA LEADER 00960nam 2200337 450 001 9910132126603321 005 20240207214122.0 010 $a1-55442-877-7 035 $a(CKB)3680000000168967 035 $a(NjHacI)993680000000168967 035 $a(EXLCZ)993680000000168967 100 $a20240207d2003 uy 0 101 0 $afre 135 $aur||||||||||| 181 $ctxt$2rdacontent 182 $cc$2rdamedia 183 $acr$2rdacarrier 200 10$aEspe?rer /$fJean-Marc Piotte 210 1$aChicoutimi :$cJ.-M. Tremblay,$d2003. 215 $a1 online resource (11 pages) 225 1 $aClassiques des sciences sociales 410 0$aClassiques des sciences sociales. 607 $aQue?bec (Province)$xPolitics and government 676 $a320.971404 700 $aPiotte$b Jean-Marc$0126106 801 0$bNjHacI 801 1$bNjHacl 906 $aBOOK 912 $a9910132126603321 996 $aEspérer$92254517 997 $aUNINA